Biblioteca

La filosofía contra la religión (Registro nro. 44939)

Detalles MARC
000 -LÍDER
Campo fijo de descripción fija 01816nam a22003497a 4500
001 - NÚMERO DE CONTROL
Campo de control 18520
003 - IDENTIFICADOR DEL NÚMERO DE CONTROL
Campo de control CO-MdFUSB
005 - FECHA Y HORA DE LA ULTIMA TRANSACCIÓN
control field 20240531062738.0
008 - ELEMENTOS DE LONGITUD FIJA -- INFORMACIÓN GENERAL
Campo fijo de descripción fija -- Información general 170425t2003 s ||||| |||| 00| 0 s d
020 ## - NÚMERO INTERNACIONAL NORMALIZADO PARA LIBROS
Número Internacional Normalizado del libro 84-414-1337-1
040 ## - FUENTE DE CATALOGACIÓN
Agencia de catalogación original CO-MdFUSB
Idioma de catalogación spa
Agencia que realiza la transcripción CO-MdFUSB
Agencia que realiza la modificación CO-MdFUSBC
Convenciones de la descripción rda
041 ## - CÓDIGO DE IDIOMA
Código de idioma para texto/pista de sonido o título separado spa
082 04 - NÚMERO DE CLASIFICACIÓN DECIMAL DEWEY
Número de clasificación G 211.8092 I99f
100 1# - ASIENTO PRINCIPAL--NOMBRE PERSONAL
Nombre personal Izquierdo, Agustín
Término relacionador autor
245 13 - TÍTULO
Título del Material La filosofía contra la religión
Parte restante del título - Subtitulo : ideas sobre el ateísmo
Mención de responsabilidad, etc. / Agustín Izquierdo
250 ## - MENCIÓN DE EDICIÓN
Mención de edición 2
260 ## - PUBLICACIÓN, DISTRIBUCIÓN, ETC. (PIE DE IMPRENTA)
Lugar de publicación, distribución, etc.
264 #4 - PRODUCCIÓN, PUBLICACIÓN, DISTRIBUCIÓN, MANUFACTURA, Y COPYRIGHT
Lugar de producción, publicación, distribución, manufactura Madrid :
Nombre del productor, publicador, distribuidor EDAF,
Fecha de producción, publicación, distribución, manufactura, o copyright ©2003
300 ## - DESCRIPCIÓN FÍSICA
Extensión 186 p.
336 ## - TIPO DE CONTENIDO
Fuente rdacontent
Término de tipo de contenido
Código de tipo de contenido
337 ## - TIPO DE MEDIO
Fuente rdamedia
Nombre del tipo de medio
Código del tipo de medio
338 ## - TIPO DE SOPORTE
Fuente rdacarrier
Nombre del tipo de soporte
Código Tipo de soporte
501 ## - NOTA DE “CON”
Nota de Contenido Rústico
505 00 - NOTA DE CONTENIDO
Nota de contenido con formato preestablecido Ateos clandestinos: Henri de Boulainvilliers: dudas sobre la religión, análisis del tratado teológico-político -- Bonoít de Maillet: opiniones de los filosofos sobre la naturaleza del alma-- Tratado de los tres impostores -- Cesar Chesneau Du Marsais: carta de trasíbulo a Leucipa -- Nicólas Fréret -- Tratado de los dos impostores -- Paridad de la vida y la muerte -- Jean Meslier \ Ateos públicos del siglo XVIII -- Julie Offrai de la Mettrie: el hombre máquina -- Denis Diderot: pensamientos filosóficos ... \ Ateos hegelianos -- Ludwig Feuerbach: la esencia del cristianismo -- Karl Marx: diferencia de la filosofía de la naturaleza en Demócrito y Epicuro -- Maz Stierner: el único y su propiedad \ Ateos solitarios: Schopenhauer: sobre la religión -- Fiederich Nietzsche: la voluntad del poder, la genealogía de la moral, el anticristo
650 #7 - ASIENTO SECUNDARIO DE MATERIA - TERMINO TEMÁTICO
Término temático o nombre geográfico como elemento de entrada Filosofía y religión
Fuente del encabezamiento o término
9 (RLIN) 198
650 #7 - ASIENTO SECUNDARIO DE MATERIA - TERMINO TEMÁTICO
Término temático o nombre geográfico como elemento de entrada Cristianismo
Fuente del encabezamiento o término
9 (RLIN) 22
650 #7 - ASIENTO SECUNDARIO DE MATERIA - TERMINO TEMÁTICO
Término temático o nombre geográfico como elemento de entrada Religión
9 (RLIN) 385
650 #7 - ASIENTO SECUNDARIO DE MATERIA - TERMINO TEMÁTICO
Término temático o nombre geográfico como elemento de entrada Ilustración (Movimiento intelectual)
9 (RLIN) 196
653 ## - TÉRMINO DE INDIZACIÓN - NO CONTROLADO
Término no controlado Cristianismo y ateísmo
653 ## - TÉRMINO DE INDIZACIÓN - NO CONTROLADO
Término no controlado Filósofos
942 ## - TIPO DE MATERIAL (KOHA)
Tipo de Item KOHA Libros General
Existencias
Estado de Material Estado de Perdido Estado de Dañado No para Préstamo Colección Tomo Biblioteca de Origen Biblioteca Permanente Fecha de Adquisición Total de Préstamos Signatura Topográfica Código de Barras Última vez visto Ejemplar/Existencia Fecha de Remplazo Tipo de Material
        Colección General   Biblioteca FUSBC Biblioteca FUSBC 15/07/2014   G 211.8092 I99f 18163 12/12/2019 1 26/01/2016 Libros General

Biblioteca FUSBC | Teléfono: (57+4) 349 88 10 Ext. 141| WhatsApp (+57) 3005338115 
E-mail: biblioteca@unisbc.edu.co | Calle 76 87-14 Robledo Palenque, Medellín, Colombia

Con tecnología Koha